=LDR 00000nam 2200000 4500 =001 INLIS000000000000699 =005 20150820102555.0 =006 =007 =008 Ind =035 ##$$0010-061300000000699 =041 ##$$a Ind =082 ##$$a 92(Samsudin) =090 ##$$a 92(Samsudin) Sam p =100 ##$$a Samsudin =245 ##$$a Pergolakan di perbatasan, operasi pembebasan sandera tanpa pertumpahan darah / Mayor Jenderal Samsudin =260 ##$$a Jakarta $b Gramedia Pustaka Utama $c 1994 =300 ##$$a 463 hlm, ilus. ; 19 cm =650 ##$$a Samsudin =850 ##$$a NBPDMAT